Statistics for Madame Mao Quiz

Click here to take the quiz!

General Stats

  • This quiz has been taken 2 times
  • The average score is 15 of 19

Answer Stats

HintAnswer% Correct
Year she was born1914
100%
The year she was arrested1976
100%
The year she was put on trial1980
100%
The year she committed suicide1991
100%
Birthday19th of March
100%
During her trial she described herself as "Chairman Mao's ___"Dog
100%
Political 'gang' she was leader ofGang of Four
100%
Her favourite filmGone With the Wind
100%
Her revolutionary nameJiang Qing
100%
Her campaign labelled this man as a 'Fat Emperor'Kim Il-Sung
100%
Her stage name as an actorLan Ping
100%
The ballet she entertained Richard Nixon withThe Red Detachment of Women
100%
The type of cancer she was diagnosed withThyroid cancer
100%
Madame Mao spearheaded this sociopolitical movementCultural Revolution
50%
The daughter she had with MaoLi Na
50%
She played this character in the play A Doll's HouseNora
50%
Chinese province she met and married Mao ZedongYan'an
50%
The most famous of the ballets she choreographedEight Model Plays
0%
City she was born inZhucheng
0%

Score Distribution

Percentile by Number Answered

Percent of People with Each Score

Your Score History

You have not taken this quiz